| 000 | 01093nam0a22002771 4500 | ||
|---|---|---|---|
| 001 | rc\3325619 | ||
| 005 | 20130115151152.6 | ||
| 021 |
_aRU _b72-ОЭ-1762/3 |
||
| 021 |
_aRU _bРг7166-72 |
||
| 035 | _a(NLR Aleph) 007510783 | ||
| 090 |
_a7695017 _c7695017 |
||
| 100 | _a20130115d1970 |||y0rusy50 ca | ||
| 101 | 0 |
_arus _afre |
|
| 102 | _aRU | ||
| 105 | _ay j ||||| | ||
| 200 | 1 |
_aВводный курс к учебнику французского языка G. Mauger, M. Bruezire "Le français accelere" _eДля слушателей _fМ-во высш. и сред. спец. образ. СССР. Моск. гос. пед. ин-т иностр. яз. им. М. Тореза. 10-ти месячные курсы |
|
| 210 |
_aМосква _cБ. и. _d1970 |
||
| 215 |
_a70 с. _d19 |
||
| 604 |
_150010$aLe français accelere _1700#1$aMauger$bG.$gGaston _1701#1$aBruezire$bM.$gMaurice |
||
| 700 | 1 |
_aИогансон _bС. Б. |
|
| 701 | 1 |
_aЧеремухина _bТ. К. |
|
| 801 | 0 |
_aRU _bNLR _gpsbo |
|
| 801 | 1 |
_aRU _bELAR _2rusmarc |
|
| 852 |
_aNLR _j72-4/12419 |
||
| 942 | _cBOOK | ||
| 980 | _aNB | ||